• 首页
  • 本馆介绍
  • 公告通知
  • 最新文献
  • 馆藏检索
  • 电子资源
  • 读者导购
  • 参考咨询
  • 我的图书馆
  • 登录
  • 详细信息显示
  • 放入我的书架
  • 预约/预借图书
  • 作者相关作品
  • 分类相关作品
  • 丛书相关作品
  • 出版社相关作品

书目信息

  • 表格格式
  • 工作单格式
  • 卡片格式
题名:
体育项目英语会话·举重
    
 
作者: 田慧 主编
分册:   举重
出版信息: 北京   北京体育大学出版社  2017.06
页数: 136页
开本: 21cm
丛书名:
单 册:
中图分类: G8 , G884
科图分类:
主题词: 体育--英语--口语 , 举重--英语--口语
电子资源:
ISBN: 978-7-5644-2663-7
000 00984nam0 2200253 450
001 1134
005 20180927134943.96
010    @a978-7-5644-2663-7@dCNY38.00
100    @a20180819d2017 em y0chiy50 ea
101 0  @achi@aeng
102    @aCN@b110000
105    @aa z 000yy
200 1  @a体育项目英语会话·举重@Ati yu xiang mu ying yu hui hua·ju zhong@9ti yu xiang mu ying yu hui hua@i举重@dEnglish dialogues for sports@iWeightlifting@f田慧主编@zeng
210    @a北京@c北京体育大学出版社@d2017.06
215    @a136页@c图@d21cm
330    @a本书主要介绍了举重项目中涉及的专业用语以及日常用语,并配图加以说明,其内容包含赛前准备、体重战术、难度战术、赛后总结、评价比赛、心理战术、器材表述、动作表述等。
510 1  @aEnglish dialogues for sports@iWeightlifting@zeng
606 0  @a体育@x英语@x口语
606 0  @a举重@x英语@x口语
690    @aG8@v5
690    @aG884@v4
701  0 @a田慧@9tian hui@c(外语)@4主编
801  0 @aCN@b91MARC@c20180819
905    @aMuseLib@dG884@e195
    
    体育项目英语会话·举重.举重=English dialogues for sports.Weightlifting/田慧主编.-北京:北京体育大学出版社,2017.06
    136页:图;21cm
    
    
    ISBN 978-7-5644-2663-7:CNY38.00
    本书主要介绍了举重项目中涉及的专业用语以及日常用语,并配图加以说明,其内容包含赛前准备、体重战术、难度战术、赛后总结、评价比赛、心理战术、器材表述、动作表述等。
●
相关链接 在E读中查询图书 在五车中查询图书 在当当中查询图书 在豆瓣中查询图书


正题名:体育项目英语会话·举重     索取号:G884/195         预约/预借

序号 登录号 条形码 馆藏地/架位号 状态 备注
1 1121329   211213293   第一样本阅览室/ [索取号:G884/195] 在馆    
2 1121330   211213300   第四借阅区/ [索取号:G884/195] 在馆    
3 1121331   211213319   第四借阅区/ [索取号:G884/195] 在馆    
4 1121332   211213328   第四借阅区/ [索取号:G884/195] 在馆    
5 1121333   211213337   第四借阅区/ [索取号:G884/195] 在馆    
唐山师范学院图书馆 欢迎您!
大连网信软件有限公司© 版权所有